Eastern Utah Libraries Catalog: Duchesne, Heber, Roosevelt, & Vernal

Calvin Coconut : (Record no. 64462)

MARC details
000 -LEADER
fixed length control field 01676cam a2200421 a 4500
001 - CONTROL NUMBER
control field BK0007865623
003 - CONTROL NUMBER IDENTIFIER
control field OCoLC
005 - DATE AND TIME OF LATEST TRANSACTION
control field 20241220123933.0
008 - FIXED-LENGTH DATA ELEMENTS--GENERAL INFORMATION
fixed length control field 080306s2009 nyua c 000 f eng
010 ## - LIBRARY OF CONGRESS CONTROL NUMBER
LC control number 2008001415
020 ## - INTERNATIONAL STANDARD BOOK NUMBER
International Standard Book Number 9780385737012 : HRD
Terms of availability $12.99
020 ## - INTERNATIONAL STANDARD BOOK NUMBER
International Standard Book Number 0385737017 : HRD
Terms of availability $12.99
037 ## - SOURCE OF ACQUISITION
Source of stock number/acquisition Random House Childrens Books, Attn Order Entry 400 Hahn rd, Westminister, MD, USA, 21157
Note SAN 201-3975
040 ## - CATALOGING SOURCE
Original cataloging agency DLC
Transcribing agency DLC
Modifying agency BTCTA
-- OCLCG
-- TEF
050 00 - LIBRARY OF CONGRESS CALL NUMBER
Classification number PZ7.S15225
Item number Cal 2009
082 00 - DEWEY DECIMAL CLASSIFICATION NUMBER
Classification number [Fic]
Edition number 22
092 ## - LOCALLY ASSIGNED DEWEY CALL NUMBER (OCLC)
Classification number FIC
092 ## - LOCALLY ASSIGNED DEWEY CALL NUMBER (OCLC)
Classification number SALISBURY
100 1# - MAIN ENTRY--PERSONAL NAME
Personal name Salisbury, Graham.
9 (RLIN) 36050
245 10 - TITLE STATEMENT
Title Calvin Coconut :
Remainder of title trouble magnet /
Statement of responsibility, etc Graham Salisbury ; illustrated by Jacqueline Rogers.
246 30 - VARYING FORM OF TITLE
Title proper/short title Trouble magnet
250 ## - EDITION STATEMENT
Edition statement 1st ed.
260 ## - PUBLICATION, DISTRIBUTION, ETC. (IMPRINT)
Place of publication, distribution, etc New York :
Name of publisher, distributor, etc Wendy Lamb Books,
Date of publication, distribution, etc c2009.
300 ## - PHYSICAL DESCRIPTION
Extent 152 p. :
Other physical details ill. ;
Dimensions 21 cm.
520 ## - SUMMARY, ETC.
Summary, etc Nine-year-old Calvin catches the attention of the school bully on the day before he starts fourth grade, while at home, the unfriendly, fifteen-year-old daughter of his mother's best friend has taken over his room.
586 8# - AWARDS NOTE
Awards note A Junior Library Guild selection
650 #0 - SUBJECT ADDED ENTRY--TOPICAL TERM
Topical term or geographic name as entry element Family
Geographic subdivision Hawaii
Form subdivision Juvenile fiction.
9 (RLIN) 6510894
650 #0 - SUBJECT ADDED ENTRY--TOPICAL TERM
Topical term or geographic name as entry element Schools
Form subdivision Juvenile fiction.
9 (RLIN) 6198192
650 #0 - SUBJECT ADDED ENTRY--TOPICAL TERM
Topical term or geographic name as entry element Bullying
Form subdivision Juvenile fiction.
9 (RLIN) 5689317
651 #0 - SUBJECT ADDED ENTRY--GEOGRAPHIC NAME
Geographic name Kailua (Oahu, Hawaii)
Form subdivision Juvenile fiction.
9 (RLIN) 6510895
650 #1 - SUBJECT ADDED ENTRY--TOPICAL TERM
Topical term or geographic name as entry element Family life
Geographic subdivision Hawaii
Form subdivision Fiction.
9 (RLIN) 6485001
650 #1 - SUBJECT ADDED ENTRY--TOPICAL TERM
Topical term or geographic name as entry element Schools
Form subdivision Fiction.
9 (RLIN) 5673727
650 #1 - SUBJECT ADDED ENTRY--TOPICAL TERM
Topical term or geographic name as entry element Bullies
Form subdivision Fiction.
9 (RLIN) 5674925
651 #1 - SUBJECT ADDED ENTRY--GEOGRAPHIC NAME
Geographic name Kailua (Oahu, Hawaii)
Form subdivision Fiction.
9 (RLIN) 6510896
700 1# - ADDED ENTRY--PERSONAL NAME
Personal name Rogers, Jacqueline,
Dates associated with a name 1958-
Relator term ill.
9 (RLIN) 5726132
942 ## - ADDED ENTRY ELEMENTS (KOHA)
Koha item type BOOK
998 ## - LOCAL CONTROL INFORMATION (RLIN)
-- a128380
Holdings
Withdrawn status Lost status Source of classification or shelving scheme Damaged status Not for loan Collection code Home library Current library Shelving location Date acquired Cost, normal purchase price Total Checkouts Full call number Barcode Date last seen Date checked out Cost, replacement price Price effective from Koha item type
    Dewey Decimal Classification     Junior Fiction Wasatch County Library Wasatch County Library Main Floor Junior Area 04/07/2009 12.99 15 J Salisbury 34301000803702 02/23/2024 06/21/2022 12.99 03/20/2020 BOOK
This project was made possible through a grant from the Institute of Museum and Library Service administered by the Utah State Library Division.

Wasatch County Library

  • 465 East 1200 South, Heber City, Utah 84032
  • Phone 435-654-1511 | Fax 435-654-6456

Hours

  • Monday - Friday 9:30 AM - 8:00 PM
  • Saturday 9:30 AM - 1:30 PM
  • Closed Sundays and Holidays